Matematika a fyzika hrou materiál pre rozvoj logického myslenia na hodinách matematiky a fyziky pre žiakov základných a stredných škôl

Podrobná bibliografia
Hlavný autor: Stavrovský, Jaroslav (Autor)
Médium: Kniha
Jazyk:slovenčina
Fyzický popis:52 strán ilustrácie, schémy, tabuľky 21 cm
Vydavateľské údaje: Spišská Nová Ves Jaroslav Stavrovský 2003
ISBN:809688350X
Vydanie:1. vyd.
Predmet:

MARC

LEADER 00000cam a2200000 a 4500
001 vtls001448604
003 SK-MaSNL
005 20260301184503.0
008 240226s2003 xo al drp 000 0 slo
015 |a SNBA2003/11-04303 
020 |a 809688350X  |q (brožované) 
035 |a SNK000403869 
035 |a urn:nbn:sk:snk-am3iqea 
035 |a 96988497-34C6-45B4-8587-6667C405E903 
035 |a urn:nbn:sk:snk-am00fdxx 
040 |a SNK  |b slo  |c SNK  |e AACR2 
041 0 |a slo 
044 |a xo  |c SK 
072 7 |a 51  |x Matematika  |2 konspekt 
072 7 |a 53  |x Fyzika  |2 konspekt 
072 7 |a 37.016  |x Učebné osnovy. Vyučovacie predmety. Učebnice  |2 konspekt 
080 |a 51  |2 2011 
080 |a 53  |2 2011 
080 |a 159.955.6  |2 2001 
080 |a (075.2)  |2 2011 
080 |a (075.3)  |2 2011 
100 1 |a Stavrovský, Jaroslav  |4 aut  |9 64181 
245 1 0 |a Matematika a fyzika hrou  |b materiál pre rozvoj logického myslenia na hodinách matematiky a fyziky pre žiakov základných a stredných škôl  |c Jaroslav Stavrovský 
250 |a 1. vyd. 
260 |a Spišská Nová Ves  |b Jaroslav Stavrovský  |c 2003 
300 |a 52 strán  |b ilustrácie, schémy, tabuľky  |c 21 cm 
366 |e 10000 kusov 
500 |a Obalový názov 
650 0 7 |a matematika  |2 SNKPH  |9 70174 
650 0 7 |a fyzika  |2 SNKPH  |9 816 
650 0 7 |a logické myslenie  |2 SNKPH  |9 1637 
655 7 |a učebnice základných škôl  |2 SNKPH  |9 70187 
655 7 |a učebnice stredných škôl  |2 SNKPH  |9 69323 
919 |a 80-968835-0-X 
958 |a TL 
958 |a UC 
958 |a OND 
999 |c 860646  |d 862576 
952 |a SNK  |b SNK  |y PREZ  |7 0  |p 17A0372851  |o snkSC 110684  |i snkKSP 1511/2003  |0 0  |1 0  |4 0  |d 2003-02-06  |f 1  |l 0  |r 2025-10-01 00:00:00  |w 2026-02-24 
952 |a SNK  |b SNK  |y VYP  |7 0  |p 17A0372852  |o snkSC 110684 D1  |i snkKSP 1512/2003  |0 0  |1 0  |4 0  |d 2003-02-06  |l 0  |r 2005-01-02 00:00:00  |w 2026-02-24